Návrh a realizácia virtuálneho modelu automatickej baliacej linky

Saved in:
Bibliographic Details
Main Author: Šafár, Dávid (Author)
Other Authors: Bartoň, Martin (Thesis advisor)
Format: Manuscript Book
Language:Slovak
Published: 2025
Subjects:
Online Access:http://is.stuba.sk/zp/portal_zp.pl?podrobnosti=176740
Tags: Add Tag
No Tags, Be the first to tag this record!

MARC

LEADER 00000ntm a22000003a 4500
001 stuzp103889
003 SK-STU
005 20250628210947.0
007 ta
008 150427s2015----xo-----f-mn---000-0-slo-d
040 |a STU  |b slo 
041 0 |a slo 
100 1 |a Šafár, Dávid  |u 066000  |4 aut  |U MTF Materiálovotechnologická fakulta  |T MTF Ústav aplikovanej informatiky, automatizácie a mechatroniky  |X 121828  |U M6000  |Y 86  |7 121828 
242 0 1 |a Design and implementation of a virtual model of an automatic packaging line  |y eng 
245 1 0 |a Návrh a realizácia virtuálneho modelu automatickej baliacej linky 
260 |c 2025 
650 4 |a PLC  |2 slo 
650 4 |a Virtuálny model  |2 slo 
650 4 |a Baliaca linka  |2 slo 
650 4 |a PLC  |2 eng 
650 4 |a Virtual model  |2 eng 
650 4 |a Packaging line  |2 eng 
700 1 |a Bartoň, Martin  |u 066000  |k Z1  |4 ths  |U MTF Materiálovotechnologická fakulta  |T MTF Ústav aplikovanej informatiky, automatizácie a mechatroniky  |X 71659  |U M6000  |Y 86  |7 71659 
856 4 |u http://is.stuba.sk/zp/portal_zp.pl?podrobnosti=176740 
996 |c M* BP-10022  |l MMSKP  |s P  |a 0  |w stuzp103889_0001